00326 a2200109 4500001000700000020000600007040001100013100004200024240007300066245006800139362000900207171180 a  cMagnum aCuberes, Maria Teresa Gonzalez (Org.)10aEntre as fraldas e as letras: contribuicoes a educacao infantillpor10aEntre as fraldas e as letras: contribuicoes a educacao infantil0 a1899